000 00419nam a2200181Ia 4500
001 9932
005 20260306161754.0
008 260306t2013||||xx |||||||||||||| ||spa||
041 _aESP
082 _a808.51
_bA21
100 _aAcosta Vera, José María
_eAUT
245 0 _aHablar en público
260 _c2013
300 _a179 páginas :
_c21 cm.
650 _aGEN
654 _aCHU
942 _cLIB
_dJUS
_fJUS
_2ddc
_n
999 _c9932
_d9932